000 00506nam a22001937a 4500
005 20250927111400.0
008 250927b |||||||| |||| 00| 0 eng d
020 _a9789380454740
040 _aIN-DiNC
_cIN-DiNC
041 _dasm
082 _a891.4513
_bSAR
100 _aSarma, Mridul
_eauthor
245 _aTejimalar makar sadhu/
_cby Mridul Sarma
250 _a1st ed.
260 _aGuwahati:
_bAank baak,
_c2011.
300 _a352p.
650 _aAssamese novel by Mridul Sarma
942 _2ddc
_cBK
999 _c12287
_d12287